[Event "zt3.3"]
[Site "HeiBei CHN"]
[Date "2001.04.18"]
[Round "3"]
[White "Wang Rui"]
[Black "Ni Hua"]
[Result "0-1"]
[WhiteElo "2526"]
[BlackElo "2528"]

1.d4 Nf6 2.Nf3 g6 3.Bg5 Bg7 4.Nbd2 O-O 5.c3 d6 6.e4 Nbd7 7.Be2 e5 8.O-O h6
9.Bh4 Qe8 10.dxe5 dxe5 11.Qc2 Nh5 12.Rfe1 Nf4 13.Bf1 Nf6 14.Nc4 N6h5 15.Ne3 f5
16.Bg3 Kh8 17.exf5 gxf5 18.Bxf4 Nxf4 19.Nh4 e4 20.g3 Ng6 21.Nxg6+ Qxg6 22.Ng2 Be5
23.Nh4 Qf6 24.Bg2 Rg8 25.Kh1 Rg4 26.Bh3 Rxh4 27.gxh4 Bd7 28.Qd1 Qxh4 29.Re3 Bc6
30.Qf1 f4 31.Ree1 f3  0-1

[Event "zt3.3"]
[Site "HeiBei CHN"]
[Date "2001.04.20"]
[Round "5"]
[White "Bu Xiangzhi"]
[Black "Ni Hua"]
[Result "1/2-1/2"]
[WhiteElo "2558"]
[BlackElo "2528"]

1.Nf3 Nf6 2.c4 c5 3.g3 Nc6 4.Bg2 g6 5.O-O Bg7 6.d4 cxd4 7.Nxd4 Nxd4 8.Qxd4 O-O
9.Nc3 d6 10.Qd2 Rb8 11.b3 a6 12.Bb2 b5 13.Nd5 bxc4 14.Nxf6+ Bxf6 15.Bxf6 exf6
16.bxc4 Be6 17.Bd5 Bxd5 18.Qxd5 Qc7 19.Rab1 f5 20.Rb3 Rxb3 21.axb3 Qb6 22.Ra1 Re8
23.e3 Qxb3 24.Rxa6 Qb1+ 25.Kg2 Qe4+ 26.Qxe4 Rxe4 27.Rc6 Kf8 28.Rc7 Kg7 29.Rc6 Kf8
30.Kf3 Ke7 31.Rc7+ Ke6 32.Ke2 Re5 33.Ra7 Rc5 34.Kd3 d5 35.Ra6+ Ke7 36.Kd4 Rxc4+
37.Kxd5 Rc7 38.Ke5 Rc5+ 39.Kf4  1/2-1/2

[Event "zt3.3"]
[Site "HeiBei CHN"]
[Date "2001.04.25"]
[Round "9"]
[White "Zhao Jun"]
[Black "Ni Hua"]
[Result "1/2-1/2"]
[WhiteElo "2347"]
[BlackElo "2528"]

1.e4 c5 2.Nf3 e6 3.c4 Nc6 4.Nc3 Nf6 5.d4 cxd4 6.Nxd4 Bb4 7.Nxc6 bxc6 8.Bd3 O-O
9.O-O e5 10.Bd2 Be7 11.Qc2 d6 12.Rfd1 c5 13.Be2 Be6 14.Be3 Qc7 15.h3 Rfd8
16.a3 a5 17.Rd2 Bd7 18.Rad1 Qb7 19.a4 Bc6 20.Bf3 h6 21.g3 Rab8 22.Bg2 Qa8
23.f3 Qb7 24.Nb5 Ne8 25.Kh2 Nc7 26.Nxd6 Bxd6 27.Rxd6 Rxd6 28.Rxd6 Ne6 29.Qc3 Bxa4
30.Qxa5 Qb4 31.Qxb4 Rxb4 32.Rd5 Rxc4 33.Rxe5 Rc2 34.f4 Bc6 35.Kh1 Nd4 36.b4 Ne2
37.Rxc5 Nxg3+ 38.Kg1 Rxc5 39.Bxc5 Nxe4 40.Bxe4  1/2-1/2

[Event "zt3.3"]
[Site "HeiBei CHN"]
[Date "2001.04.26"]
[Round "10"]
[White "Ni Hua"]
[Black "Liang Chong"]
[Result "0-1"]
[WhiteElo "2528"]
[BlackElo "2560"]

1.e4 c5 2.Nf3 d6 3.d4 cxd4 4.Nxd4 Nf6 5.Nc3 g6 6.Be3 Bg7 7.f3 Nc6 8.Bc4 Qb6
9.Nf5 Qxb2 10.Nxg7+ Kf8 11.Nd5 Kxg7 12.O-O Nxd5 13.exd5 Qc3 14.Bd3 Ne5 15.Rb1 f6
16.Rb3 Qa5 17.Be4 Qxa2 18.Bd4 Qa4 19.f4 Nf7 20.Qd2 a6 21.Ra1 Qe8 22.Re1 Nh6
23.Rbe3 Qf7 24.Bxg6 Qxg6 25.Rxe7+ Nf7 26.R1e3 h5 27.Rg3 Bg4 28.h3 Rhe8 29.Re6 Rxe6
30.dxe6 Nh6 31.hxg4 Nxg4 32.Qb4 Re8 33.Qxd6 Kh6 34.e7 Qxc2 35.Rxg4 Qd1+ 36.Kh2 Qxg4
37.Qxf6+ Qg6 38.Qf8+ Kh7 39.Bf6 Qg8 40.Bg7 b5 41.Bh6 b4 42.f5 b3 43.f6 Kg6  0-1

[Event "zt3.3"]
[Site "HeiBei CHN"]
[Date "2001.04.27"]
[Round "11"]
[White "Ye Jiangchuan"]
[Black "Ni Hua"]
[Result "1-0"]
[WhiteElo "2671"]
[BlackElo "2528"]

1.e4 c5 2.Nf3 Nc6 3.Bb5 g6 4.O-O Bg7 5.Re1 Nf6 6.e5 Nd5 7.Nc3 Nc7 8.Bxc6 dxc6
9.Ne4 b6 10.Nf6+ Kf8 11.Ne4 Bg4 12.d3 Ne6 13.Ned2 Bh6 14.h3 Bxf3 15.Nxf3 Bxc1
16.Qxc1 Kg7 17.Re4 Qd5 18.b3 Rad8 19.Qa3 a5 20.Rae1 b5 21.Qc1 Nd4 22.Nxd4 cxd4
23.Qg5 Qe6 24.f4 h6 25.Qh4 c5 26.Rf1 Rd5 27.Qg3 Kf8 28.Qe1 b4 29.g4 h5 30.Qh4 Rg8
31.Kh2 hxg4 32.hxg4 g5 33.f5 Qb6 34.Qh3 Qc7 35.Qh6+ Ke8 36.Rfe1 Kd7 37.Qh7 Rf8
38.Qg7 Qb8 39.Kg2 Qa8 40.Kf2 Rh8 41.Qxf7 Rxe5 42.Qg7 Rxe4 43.Rxe4 Qf8 44.Qe5 Qh6
45.Qxe7+ Kc8 46.Qxc5+ Kb8 47.Qe5+ Kb7 48.Rxd4  1-0

[Event "7th Tan Chin Nam Cup"]
[Site "Shanghai CHN"]
[Date "2001.07.12"]
[Round "4"]
[White "Ni Hua"]
[Black "Ye Jiangchuan"]
[Result "0-1"]
[WhiteElo "2528"]
[BlackElo "2671"]

1.e4 c5 2.Nf3 e6 3.d4 cxd4 4.Nxd4 a6 5.Nc3 Qc7 6.Bd3 Nc6 7.Be3 b5 8.O-O Bb7
9.Nxc6 Qxc6 10.Qe2 Nf6 11.f3 Qc7 12.Kh1 Be7 13.Bg5 Ng4 14.f4 Nxh2 15.Kxh2 Bxg5
16.e5 Be7 17.a4 b4 18.Ne4 d6 19.f5 Bxe4 20.Qxe4 d5 21.Qf4 f6 22.Kh1 fxe5
23.Qh2 Bf6 24.fxe6 Ke7 25.Rad1 Qc6 26.Qh5 Qxe6 27.c4 bxc3 28.bxc3 Rad8 29.Rb1 Rb8
30.a5 e4 31.Be2 Qe5 32.Qxe5+ Bxe5 33.Rbd1 Rhd8 34.Bxa6 Bxc3 35.Rf5 Bxa5 36.Rfxd5 Rxd5
37.Rxd5 Bc7 38.Kg1 Rb2 39.Kf1 Kf6 40.g4 e3 41.Rf5+ Ke7 42.Bc4 Bb6 43.Rf7+ Kd6
44.Rxg7 Rf2+ 45.Ke1 Ba5+ 46.Kd1 Rd2+ 47.Kc1 e2 48.Bxe2 Rxe2 49.Rxh7 Rg2 50.Rh5 Bc3
51.Rb5 Bd4 52.Kd1 Bc5 53.Rb8 Kd5 54.Re8 Kc4 55.Rc8 Kd3 56.Re8 Be3 57.Rd8+ Bd4
58.Re8 Rxg4 59.Re2 Rg1+ 60.Re1 Rg2 61.Re7 Rh2 62.Re8 Rb2 63.Rc8 Bb6 64.Ke1 Rb5
65.Kd1 Rf5 66.Re8 Ba5 67.Kc1 Bc3  0-1

[Event "7th Tan Chin Nam Cup"]
[Site "Shanghai CHN"]
[Date "2001.07.13"]
[Round "5"]
[White "Peng Xiaomin"]
[Black "Ni Hua"]
[Result "1/2-1/2"]
[WhiteElo "2648"]
[BlackElo "2528"]

1.e4 c5 2.Nf3 Nc6 3.Bb5 g6 4.Bxc6 dxc6 5.d3 Bg7 6.h3 b6 7.Nc3 e5 8.O-O Ne7
9.a3 a5 10.Be3 h6 11.Na4 Rb8 12.Qd2 f5 13.exf5 Nxf5 14.b4 axb4 15.axb4 e4
16.Rae1 O-O 17.dxe4 Nxe3 18.Qxe3 cxb4 19.Rd1 Qc7 20.Qb3+ Kh7 21.Qxb4 Bxh3
22.Qd6 Qxd6 23.Rxd6 Bg4 24.Rfd1 Bxf3 25.gxf3 Rxf3 26.Rxc6 Rbf8 27.Rd7 Rxf2
28.Rcc7 Rf1+  1/2-1/2

[Event "7th Tan Chin Nam Cup"]
[Site "Shanghai CHN"]
[Date "2001.07.14"]
[Round "6"]
[White "Ni Hua"]
[Black "Krasenkow,M"]
[Result "1-0"]
[WhiteElo "2528"]
[BlackElo "2573"]

1.e4 e5 2.Nf3 Nc6 3.d4 exd4 4.Nxd4 Bc5 5.Nxc6 Qf6 6.Qd2 dxc6 7.Nc3 Ne7 8.Bd3 Bd4
9.O-O Ng6 10.Kh1 Ne5 11.f4 Ng4 12.Qe1 Nxh2 13.Kxh2 Qh6+ 14.Kg3 Qg6+ 15.Kh2 Qh5+
16.Kg3 g5 17.f5 Be5+ 18.Kf2 Qh4+ 19.Ke2 Bg3 20.Qd1 Qg4+ 21.Rf3 Bxf5 22.exf5 O-O-O
23.Be3 Rhe8 24.Qh1 Be5 25.a3 Bd4 26.Kd2 Bxe3+ 27.Rxe3 Rxe3 28.Kxe3 c5 29.Rf1 Qd4+
30.Kd2 c4 31.Qg1 Qg4 32.Qxa7 Qxg2+ 33.Rf2 Qc6 34.Qa8+ Kd7 35.Qa4 Qxa4 36.Nxa4 cxd3
37.cxd3 Kd6 38.d4 h5 39.Nc5 Kd5 40.Kd3 g4 41.Ne4 Kc6 42.Rc2+ Kb6 43.Rh2 Rh8
44.Rh4  1-0

[Event "7th Tan Chin Nam Cup"]
[Site "Shanghai CHN"]
[Date "2001.07.17"]
[Round "8"]
[White "Ni Hua"]
[Black "Tkachiev,V"]
[Result "0-1"]
[WhiteElo "2528"]
[BlackElo "2642"]

1.e4 e5 2.Nf3 Nc6 3.d4 exd4 4.Nxd4 Bb4+ 5.c3 Bc5 6.Be3 Bb6 7.Nxc6 bxc6 8.Bd4 Nf6
9.e5 Qe7 10.Be2 Nd5 11.Bf3 O-O 12.O-O Ba6 13.Re1 Nf4 14.Be4 Rab8 15.Bxb6 Rxb6
16.Qd2 f5 17.exf6 Qxf6 18.b3 Rb5 19.Na3 Rg5 20.Kh1 Rh5 21.Re3 Qh4 22.h3 d5
23.Bc2 Qg5 24.Rg1 Bf1 25.Kh2 Nxg2 26.Rd3 Qe5+ 27.f4 Nxf4 28.Rdg3 Rxh3+ 29.Rxh3 Nxh3+  0-1

[Event "7th Tan Chin Nam Cup"]
[Site "Shanghai CHN"]
[Date "2001.07.18"]
[Round "9"]
[White "Zhang Zhong"]
[Black "Ni Hua"]
[Result "1-0"]
[WhiteElo "2632"]
[BlackElo "2528"]

1.e4 c5 2.Nf3 g6 3.c3 d5 4.e5 Bg7 5.d4 Nh6 6.dxc5 Bg4 7.Qa4+ Bd7 8.Qd4 O-O
9.Bf4 Nf5 10.Qxd5 Qc7 11.Nbd2 Bc6 12.Qc4 e6 13.Be2 Bd5 14.Qb5 Nd7 15.O-O a6
16.Qb4 a5 17.Qa3 Nxe5 18.Kh1 Rfc8 19.Rfe1 f6 20.Bf1 Qxc5 21.Qxc5 Rxc5 22.Bxe5 fxe5
23.Ng5 h6 24.Nge4 Rc7 25.Kg1 Rd8 26.a4 Kf7 27.Nf3 b6 28.Bb5 Bxe4 29.Rxe4 Rc5
30.Re2 Nd6 31.Bd3 b5 32.axb5 Nxb5 33.Bc2 Nc7 34.h4 Rb8 35.Ra2 Nd5 36.g3 Nb6
37.Nd2 Rb5 38.Ne4 Bf8 39.Bd3 Rd5 40.Re3 a4 41.Bc2 Ra8 42.Rf3+ Ke7 43.Nf6 Rd2
44.Bxg6 Bg7 45.Ne4 Rd1+ 46.Kg2 Rf8 47.Rxf8 Bxf8 48.b3 axb3 49.Rb2 Kd7 50.Rxb3 Kc6
51.Bh5 Rd8 52.Bf7 Nc4 53.Bxe6 Nd2 54.Nxd2 Rxd2 55.c4 Bc5 56.Bd5+ Kd6 57.Rf3 h5
58.Rf6+ Kd7 59.Rf5 Bd4 60.Kf1 Kd6 61.Bf7 Rc2 62.Bxh5 Rxc4 63.Bf7 Rc1+ 64.Kg2 Rc2
65.h5 Ke7 66.Bd5 Kd6 67.Be4 Re2 68.h6  1-0

[Event "Zhong Hong Real Estate Cup"]
[Site "Beijing CHN"]
[Date "2001.07.21"]
[Round "2"]
[White "Ni Hua"]
[Black "Xu Yaping"]
[Result "1-0"]
[WhiteElo "2568"]
[BlackElo "2050"]

1.e4 c5 2.Nf3 d6 3.d4 cxd4 4.Nxd4 Nf6 5.Nc3 a6 6.Be3 e5 7.Nb3 Be6 8.f3 Nbd7
9.g4 b5 10.g5 b4 11.Ne2 Nh5 12.Qd2 a5 13.Ng3 Nxg3 14.hxg3 a4 15.Nc1 Qa5 16.Nd3 d5
17.exd5 Bxd5 18.Bh3 Rd8 19.Bxd7+ Rxd7 20.Nxe5 Re7 21.O-O-O Rxe5 22.Bf4 Re6
23.Qxd5 Qxd5 24.Rxd5 Be7 25.Kd2 f6 26.g6 h6 27.Re1 Rxe1 28.Kxe1 O-O 29.g4 Rc8
30.Kd2 Kf8 31.Be3 Ke8 32.f4 Rc6 33.f5 Rc4 34.Bd4 Bd8 35.Kd3 Rc6 36.Rb5  1-0

[Event "Zhong Hong Real Estate Cup"]
[Site "Beijing CHN"]
[Date "2001.07.22"]
[Round "3"]
[White "Liang Jinrong"]
[Black "Ni Hua"]
[Result "1/2-1/2"]
[WhiteElo "2510"]
[BlackElo "2568"]

1.e4 c5 2.Nf3 Nc6 3.d4 cxd4 4.Nxd4 Nf6 5.Nc3 e6 6.Ndb5 d6 7.Bf4 e5 8.Bg5 a6
9.Na3 b5 10.Nd5 Be7 11.Bxf6 Bxf6 12.c3 Bg5 13.Nc2 Ne7 14.Ncb4 O-O 15.a4 bxa4
16.Rxa4 a5 17.Nxe7+ Qxe7 18.Nd5 Qb7 19.b4 axb4 20.Rxb4 Qc6 21.Bb5 Qc5 22.Bc4 Be6
23.O-O Ra3 24.Qb1 Bxd5 25.Bxd5 Rxc3 26.Rb3 g6 27.Rxc3 Qxc3 28.Qb6 Qc5 29.Qxc5 dxc5
30.Ra1 Rc8 31.Ra8  1/2-1/2

[Event "Zhong Hong Real Estate Cup"]
[Site "Beijing CHN"]
[Date "2001.07.25"]
[Round "6"]
[White "Ni Hua"]
[Black "Wu Wenjin"]
[Result "1/2-1/2"]
[WhiteElo "2568"]
[BlackElo "2560"]

1.e4 c5 2.Nf3 d6 3.d4 cxd4 4.Nxd4 Nf6 5.Nc3 Nc6 6.Bg5 e6 7.Qd2 a6 8.O-O-O h6
9.Be3 Be7 10.f4 O-O 11.Kb1 Qc7 12.Be2 Nxd4 13.Bxd4 b5 14.Bxf6 Bxf6 15.Qxd6 Qxd6
16.Rxd6 g5 17.e5 Be7 18.Rdd1 gxf4 19.Bf3 Ra7 20.Ne2 Rd8 21.Nxf4 Rxd1+ 22.Rxd1 b4
23.c4 bxc3 24.Rc1 Rc7 25.Rxc3 Rxc3 26.bxc3 Bd8 27.Kc2 Bc7 28.Nd3 f6 29.exf6 Kf7
30.h3 Kxf6 31.c4 a5 32.Kc3 e5 33.c5 Ba6 34.Nb2 Kf5 35.Nc4 e4 36.Nd6+ Bxd6
37.Bg4+ Ke5 38.cxd6 Kxd6 39.Kd4 Bd3 40.Bf5 Bb1 41.a3 e3 42.Bd3 Ba2 43.Kxe3 Ke5
44.g4 Be6 45.Bc2 Bd7 46.Bh7 Be6 47.Kf3 Bd5+ 48.Kg3 a4 49.Bf5 Bc6 50.Bc2 Kd4
51.Kf4 Kc3 52.Be4 Be8 53.h4 Kb2 54.h5 Kxa3 55.Bg6 Bb5 56.g5 hxg5+ 57.Kxg5 Bc4
58.h6 Bg8 59.Kf6 Kb2 60.Kg7 a3 61.Kxg8 a2 62.h7 a1=Q 63.h8=Q+ Ka2 64.Bf7+ Kb1
65.Qh1+ Kb2 66.Qh2+ Ka3 67.Qd6+ Kb2 68.Qd4+ Kb1 69.Qb4+ Kc1 70.Qf4+ Kb2 71.Qd4+ Kb1
72.Bg6+ Ka2 73.Qa4+ Kb2 74.Qc2+ Ka3 75.Bf7 Qg1+ 76.Kf8 Qe3 77.Qa2+ Kb4 78.Qb2+ Kc5  1/2-1/2

[Event "Zhong Hong Real Estate Cup"]
[Site "Beijing CHN"]
[Date "2001.07.26"]
[Round "7"]
[White "Liang Chong"]
[Black "Ni Hua"]
[Result "1-0"]
[WhiteElo "2556"]
[BlackElo "2568"]

1.d4 g6 2.e4 c6 3.Nc3 d6 4.Be3 Nf6 5.f3 Nbd7 6.Qd2 b5 7.g4 h6 8.Bd3 Bg7 9.Nge2 a6
10.Nd1 e5 11.c3 Bb7 12.Nf2 Qa5 13.b4 Qc7 14.a4 d5 15.O-O Rd8 16.Ng3 dxe4
17.fxe4 h5 18.g5 Nh7 19.Qa2 O-O 20.a5 Nb8 21.Ne2 Qe7 22.h4 exd4 23.cxd4 Qxb4
24.e5 Qe7 25.Bxg6 c5 26.Ne4 cxd4 27.Bxd4 Rxd4 28.Nxd4 Bxe4 29.Bxe4 Qxe5 30.Bxh7+ Kxh7
31.Qc2+ Kg8 32.Nf5 Re8 33.Rae1 Qxe1 34.Rxe1 Rxe1+ 35.Kf2 Re8 36.Qc7 Bf8 37.Nh6+ Bxh6
38.gxh6 Nc6 39.Qg3+  1-0

[Event "Zhong Hong Real Estate Cup"]
[Site "Beijing CHN"]
[Date "2001.07.28"]
[Round "9"]
[White "Datu,I"]
[Black "Ni Hua"]
[Result "0-1"]
[WhiteElo "2445"]
[BlackElo "2568"]

1.Nf3 Nf6 2.g3 g6 3.Bg2 Bg7 4.O-O d5 5.d4 O-O 6.c4 dxc4 7.Na3 Nc6 8.Nxc4 Be6
9.Nce5 Bd5 10.Bf4 Nxe5 11.Bxe5 c6 12.Qc2 Qb6 13.Ne1 Bxg2 14.Kxg2 Rfd8 15.Nd3 Bf8
16.Bxf6 exf6 17.e3 Qb5 18.Rfc1 Qf5 19.Kg1 h5 20.Nf4 Qd7 21.Qb3 Kg7 22.Rd1 h4
23.d5 c5 24.e4 Bd6 25.Qf3 Rh8 26.Rac1 hxg3 27.hxg3 Rh6 28.Kg2 Rah8 29.Rh1 Rxh1
30.Rxh1 Rxh1 31.Kxh1 Qa4 32.a3 Qc2  0-1

[Event "WJun"]
[Site "Athens GRE"]
[Date "2001.08.16"]
[Round "1"]
[White "Ni Hua"]
[Black "Palliser,R"]
[Result "0-1"]
[WhiteElo "2568"]
[BlackElo "2337"]

1.e4 c5 2.Nf3 d6 3.d4 cxd4 4.Nxd4 Nf6 5.Nc3 a6 6.Be3 e5 7.Nb3 Be6 8.f3 Nbd7
9.g4 b5 10.g5 b4 11.Ne2 Nh5 12.Qd2 a5 13.Ng3 Nxg3 14.hxg3 a4 15.Nc1 Be7 16.f4 Qc8
17.Nd3 b3 18.cxb3 axb3 19.a3 Qb7 20.Nb4 Nc5 21.Bxc5 dxc5 22.Nd5 Bxd5 23.exd5 Ra4
24.Bg2 Bd6 25.Qe2 Kd8 26.fxe5 Bxe5 27.O-O-O Re8 28.Kb1 Qa7 29.Rhe1 Rxa3 30.bxa3 Qxa3
31.Rd4 cxd4 32.Qb2 Qa5  0-1

[Event "WJun"]
[Site "Athens GRE"]
[Date "2001.08.19"]
[Round "4"]
[White "Flores,Di"]
[Black "Ni Hua"]
[Result "0-1"]
[WhiteElo "2425"]
[BlackElo "2568"]

1.e4 c5 2.c3 d5 3.exd5 Qxd5 4.d4 Nc6 5.Nf3 Bg4 6.Be2 cxd4 7.cxd4 e6 8.h3 Bh5
9.Nc3 Qa5 10.O-O Nf6 11.a3 Bd6 12.Be3 O-O 13.Qb3 Rab8 14.Rfd1 Rfd8 15.Rac1 h6
16.Qa2 Nd5 17.Ne4 Bf4 18.Rc5 Qb6 19.Rb5 Qc7 20.Qb3 b6 21.Rc1 Bxe3 22.fxe3 Bxf3
23.Bxf3 a6 24.Rxd5 exd5 25.Nc3 Ne7 26.Rf1 Qd6 27.Kh1 Nf5 28.Ne2 Qe6 29.Bg4 Qxe3
30.Qa4 Ng3+ 31.Nxg3 Qxg3 32.Qxa6 Qc7 33.Qd3 Rd6 34.Re1 g6 35.Qd2 h5 36.Bf3 Re6
37.Rc1 Qd6 38.Rf1 Rbe8 39.Kg1 Re3 40.Qf2 Qe6 41.Kh2 Re1 42.Rxe1 Qxe1 43.Qxe1 Rxe1
44.Kg3 Rb1 45.b4 Ra1 46.Kf4 f6 47.Bxd5+ Kf8 48.Be4 Kf7 49.Bd5+ Ke7 50.Be4 g5+
51.Kf5 Rxa3 52.d5 Ra4 53.d6+ Kxd6 54.Kxf6 Rxb4 55.Bg6 h4 56.Kxg5 b5 57.Bd3 Rd4
58.Be2 b4  0-1

[Event "WJun"]
[Site "Athens GRE"]
[Date "2001.08.20"]
[Round "5"]
[White "Ni Hua"]
[Black "Stryjecki,M"]
[Result "1-0"]
[WhiteElo "2568"]
[BlackElo "2441"]

1.e4 g6 2.d4 d6 3.Nc3 Bg7 4.Be3 a6 5.f4 b5 6.Bd3 Bb7 7.Nf3 Nd7 8.e5 c5 9.Be4 Bxe4
10.Nxe4 cxd4 11.Bxd4 dxe5 12.fxe5 Nf8 13.Nfg5 Nh6 14.c3 Ne6 15.Nxe6 fxe6
16.Qb3 Qd5 17.Nc5 O-O 18.O-O-O Rf5 19.Rhe1 Ng4 20.h3 Qxb3 21.axb3 Nf2 22.g4 Rf3
23.Bxf2 Rxf2 24.Nxe6 Bh6+ 25.Kb1 Bf4 26.Rd7 Kf7 27.Nc7 Rc8 28.b4 h5 29.Nxa6 Rf3
30.gxh5 g5 31.Nc7 Rxh3 32.e6+ Kf8 33.Nd5 Rxh5 34.Rxe7 Rh6 35.Rf7+ Ke8 36.Nf6+ Rxf6
37.Rxf6 Rc7 38.Rg6 Rh7 39.Kc2 Rh2+ 40.Kb3 Bd2 41.Ra1  1-0

[Event "WJun"]
[Site "Athens GRE"]
[Date "2001.08.21"]
[Round "6"]
[White "Azarov,S"]
[Black "Ni Hua"]
[Result "1/2-1/2"]
[WhiteElo "2461"]
[BlackElo "2568"]

1.e4 c5 2.Nf3 Nc6 3.d4 cxd4 4.Nxd4 Nf6 5.Nc3 e5 6.Ndb5 d6 7.Bg5 a6 8.Na3 b5
9.Nd5 Be7 10.Bxf6 Bxf6 11.c3 Bg5 12.Nc2 Ne7 13.Ncb4 O-O 14.Nxe7+ Qxe7 15.Nd5 Qb7
16.Bd3 Be6 17.O-O g6 18.Qb3 Rab8 19.Rfd1 Bxd5 20.exd5 a5 21.a3 Qb6 22.Qc2 Rfc8
23.Qe2 f5 24.g3 e4 25.Bc2 Qc5 26.h4 Bh6 27.h5 b4 28.axb4 axb4 29.hxg6 hxg6
30.Ba4 bxc3 31.bxc3 Qxc3 32.Rab1 Qe5 33.Bd7 Rf8 34.Be6+ Kh8 35.Kg2 e3 36.f3 g5
37.Rh1 Kg7 38.Qc2 Rxb1 39.Rxb1 g4 40.f4 Qd4 41.Qb2 Qxb2+ 42.Rxb2 Kg6 43.Re2 Bg7
44.Rxe3 Bd4 45.Re2 Rb8 46.Bd7  1/2-1/2

[Event "WJun"]
[Site "Athens GRE"]
[Date "2001.08.23"]
[Round "7"]
[White "Ni Hua"]
[Black "Korobov,A"]
[Result "1-0"]
[WhiteElo "2568"]
[BlackElo "2470"]

1.e4 c5 2.Nf3 d6 3.d4 cxd4 4.Nxd4 Nf6 5.Nc3 a6 6.Be3 e6 7.f3 b5 8.Qd2 Bb7
9.g4 h6 10.O-O-O Nbd7 11.h4 b4 12.Na4 Qa5 13.b3 Nc5 14.a3 Rc8 15.Qxb4 Qc7
16.Kb1 Nfd7 17.Nb2 d5 18.Qd2 dxe4 19.f4 Nf6 20.Bc4 Nxg4 21.f5 e5 22.Ne2 Be7
23.Rhg1 h5 24.Ng3 Rd8 25.Qc3 Nxe3 26.Qxe3 Rxd1+ 27.Rxd1 Bxh4 28.b4 Nd7 29.Nxe4 O-O
30.Nd6 Nb6 31.Bb3 Be7 32.Qxe5 Bf6 33.Qc5 Bc6 34.Nxf7 Rxf7 35.Bxf7+ Kxf7 36.Rd6 Na4
37.Rxc6  1-0

[Event "WJun"]
[Site "Athens GRE"]
[Date "2001.08.24"]
[Round "8"]
[White "Navara,D"]
[Black "Ni Hua"]
[Result "1/2-1/2"]
[WhiteElo "2491"]
[BlackElo "2568"]

1.e4 c5 2.Nf3 e6 3.d4 cxd4 4.Nxd4 a6 5.Nc3 b5 6.g3 Bb7 7.Bg2 Nf6 8.O-O b4
9.e5 Bxg2 10.Kxg2 bxc3 11.exf6 Qxf6 12.bxc3 Bc5 13.Bf4 O-O 14.Nb3 Qxc3 15.Bxb8 Rfxb8
16.Nxc5 Qxc5 17.Qxd7 Qxc2 18.Rfc1 Qe4+ 19.Kg1 h5 20.Qc6 Qxc6 21.Rxc6 Rb5
22.Rd1 Ra5 23.Rd7 g5 24.Rcc7 Rf5 25.Rd2 Rb8 26.Ra7 a5 27.Kg2 Kg7 28.h3 Rb4
29.Rc2 Kg6 30.Rd2 Re4 31.Rc2 Rd5 32.Rcc7 f6 33.Rc2 Kf5 34.Rh7 Red4 35.Rxh5 Rd2
36.g4+ Kg6 37.Rc8 Rd8 38.Rc7 R8d7 39.Rc8 Rd8 40.Rc7 R8d7 41.Rc8 Rd8  1/2-1/2

[Event "WJun"]
[Site "Athens GRE"]
[Date "2001.08.25"]
[Round "9"]
[White "Roiz,M"]
[Black "Ni Hua"]
[Result "0-1"]
[WhiteElo "2511"]
[BlackElo "2568"]

1.d4 Nf6 2.c4 g6 3.Nc3 d5 4.cxd5 Nxd5 5.g3 Bg7 6.Bg2 Nb6 7.e3 O-O 8.Nge2 Nc6
9.O-O e5 10.d5 Na5 11.b3 c6 12.b4 Nac4 13.dxc6 bxc6 14.Qxd8 Rxd8 15.Bxc6 Rb8
16.a4 Be6 17.Rb1 f5 18.b5 Rbc8 19.e4 Na5 20.exf5 gxf5 21.Bg2 e4 22.Bg5 Rd7
23.Nf4 Bc4 24.Nce2 h6 25.Bh4 Nxa4 26.Bh3 Rc5 27.Rbd1 Bxb5 28.Rxd7 Bxd7 29.Rd1 Nb6
30.Nh5 Nc6 31.Rd6 Ne5 32.Kg2 Rc6 33.Rd1 Nf3 34.Bd8 Bc8 35.Nxg7 Kxg7 36.Nf4 Nc4
37.Be7 Ne3+  0-1

[Event "WJun"]
[Site "Athens GRE"]
[Date "2001.08.27"]
[Round "11"]
[White "Sargissian,G"]
[Black "Ni Hua"]
[Result "0-1"]
[WhiteElo "2514"]
[BlackElo "2568"]

1.d4 Nf6 2.Nf3 g6 3.Bg5 Bg7 4.Nbd2 O-O 5.c3 d6 6.e4 c5 7.dxc5 dxc5 8.Bc4 h6
9.Bh4 Nc6 10.O-O Nh5 11.Qe2 Qc7 12.Rfe1 Na5 13.Bd5 e6 14.Bb3 Nf4 15.Qf1 Nxb3
16.axb3 e5 17.Nc4 Be6 18.Nfd2 g5 19.Bg3 Rfd8 20.Red1 Rd7 21.Nf3 Rxd1 22.Qxd1 Bg4
23.Ne3 Be6 24.c4 a6 25.Qc2 Rd8 26.Nd5 Qd7 27.Re1 Bg4 28.Nd2 Ne6 29.Nf1 Nd4
30.Qd3 Be6 31.Nfe3 b5 32.Ra1 Qb7 33.Ra2 Nc6 34.Nc2 Rb8 35.f3 a5 36.Be1 Bf8
37.Bc3 a4 38.cxb5 axb3 39.bxc6 Qxc6 40.Nf6+ Kh8 41.Bxe5 bxc2 42.Ra1 c4 43.Nd5+ f6
44.Bxf6+ Kg8 45.Qd4 c3 46.Qxc3 Bxd5 47.exd5 Qxc3 48.Bxc3 Bc5+  0-1

[Event "CHN-RUS Rapid Match"]
[Site "Beijing CHN"]
[Date "2001.09.05"]
[Round "1"]
[White "Shaposhnikov,E"]
[Black "Ni Hua"]
[Result "0-1"]
[WhiteElo "2519"]
[BlackElo "2568"]

1.e4 c5 2.Nf3 Nc6 3.Bb5 g6 4.O-O Bg7 5.Re1 Nf6 6.e5 Nd5 7.Nc3 Nc7 8.Bxc6 dxc6
9.Ne4 Ne6 10.d3 O-O 11.a3 a5 12.Be3 b6 13.Qd2 Nd4 14.Nxd4 cxd4 15.Bh6 c5
16.Bxg7 Kxg7 17.a4 Bb7 18.Qf4 Qd5 19.b3 Rad8 20.Qg3 Qe6 21.Nd2 Bd5 22.h3 Qc6
23.Re2 Rfe8 24.Kh2 Ra8 25.f4 f5 26.e6 Bxe6 27.Rae1 Bf7 28.Rxe7 Rxe7 29.Rxe7 Re8
30.Qe1 Qd6 31.Rxe8 Bxe8 32.Nc4 Qxf4+ 33.g3 Qf3 34.Qe5+ Kh6 35.Qf4+ Qxf4 36.gxf4 g5
37.Nxb6 Bh5 38.Nc4 Bd1 39.Nxa5 Bxc2 40.Nb7 Bxd3 41.Nxc5 Bc2 42.fxg5+ Kg6
43.a5 d3 44.a6 d2 45.a7 d1=Q 46.a8=Q Qd6+ 47.Kg2 Qxc5 48.Qg8+ Kh5 49.Qxh7+ Kxg5
50.Qg7+ Kf4 51.Qg3+ Ke4 52.Qf3+ Ke5 53.Qg3+ Kd5 54.Qg8+ Kd4 55.Qg7+ Kd3 56.Kf3 Qe3+
57.Kg2 Ke2 58.Qb2 Qxb3 59.Qe5+ Be4+ 60.Kh2 Qe3 61.Qb2+ Qd2  0-1

[Event "CHN-RUS Rapid Match"]
[Site "Beijing CHN"]
[Date "2001.09.05"]
[Round "2"]
[White "Ni Hua"]
[Black "Shaposhnikov,E"]
[Result "1/2-1/2"]
[WhiteElo "2568"]
[BlackElo "2519"]

1.e4 c5 2.c4 Nc6 3.Nc3 g6 4.g3 Bg7 5.Bg2 e6 6.d3 Nge7 7.Nge2 O-O 8.O-O d6
9.a3 b6 10.Rb1 Bb7 11.b4 Nd4 12.Nxd4 cxd4 13.Ne2 Qd7 14.Nf4 h6 15.Bd2 b5
16.cxb5 e5 17.Nd5 Nxd5 18.exd5 Qxb5 19.Qb3 f5 20.Rbc1 Ba6 21.Rc6 Qxd3 22.Qxd3 Bxd3
23.Rfc1 Rad8 24.a4 e4 25.b5 g5 26.Ba5 Rd7 27.Bc7 Be2 28.Bf1 Bf3 29.Rxd6 Rxc7
30.Rxc7 d3 31.Rdd7 Bd4 32.d6 Re8 33.Re7 Rxe7 34.dxe7 Kf7 35.Rd7 Bc5 36.Rd5 Kxe7
37.Rxc5 d2 38.Rd5 d1=Q 39.Rxd1 Bxd1 40.a5 Kd6 41.Bh3 f4 42.Bf5 Bf3 43.h4 Kc5
44.hxg5 hxg5 45.gxf4 gxf4 46.b6 axb6 47.axb6 Kxb6 48.Kf1 Kc5 49.Ke1 Kd4 50.Bd7 Bh5
51.Kd2 Bf7 52.Bc6 Bc4 53.Bb7 Bd5 54.Bc8 Ke5 55.Bd7 Bb7 56.Ke1 Kf6 57.Bg4 Kg5
58.Bd7 Bd5 59.Ke2 Kf6 60.Kd2 Be6 61.Bc6 Kf5 62.Ke2 Bf7 63.Bd7+ Ke5 64.Bc8 Bh5+
65.Kd2 Kd4  1/2-1/2

[Event "CHN-RUS Summit Juniors"]
[Site "Shanghai CHN"]
[Date "2001.09.11"]
[Round "5"]
[White "Smirnov,P"]
[Black "Ni Hua"]
[Result "1-0"]
[WhiteElo "2530"]
[BlackElo "2568"]

1.e4 c5 2.Nf3 e6 3.d4 cxd4 4.Nxd4 a6 5.Bd3 g6 6.c4 Bg7 7.Ne2 Ne7 8.Nbc3 Nbc6
9.O-O O-O 10.Bg5 h6 11.Bh4 d6 12.Qd2 f5 13.f4 b6 14.Rad1 Qc7 15.Bb1 b5 16.cxb5 axb5
17.exf5 gxf5 18.Bf2 Ba6 19.Ng3 b4 20.Nce2 Bc4 21.b3 Bd5 22.Rfe1 Qb7 23.Qe3 Rf6
24.Nh5 Rg6 25.Neg3 Rf8 26.Nxg7 Rxg7 27.Rxd5 Nxd5 28.Qxe6+ Qf7 29.Qxh6 Nde7
30.Qxd6 Rd8 31.Qc5 Qd5 32.Qe3 Rg6 33.Qe2 Kg7 34.h3 Rd7 35.Qh5 Rh6 36.Qe8 Rh8
37.Nh5+ Rxh5 38.Qxh5 Rd6 39.Bh4 Ng6 40.Qg5 Qd4+ 41.Kh2 Qxf4+ 42.Qxf4 Nxf4
43.Bg3 Rd4 44.Bxf5 Nh5 45.Bc7 Rd2 46.Be4 Nd4 47.Re3 Nb5 48.Be5+ Kf7 49.Bd3  1-0

[Event "CHN-RUS Summit Juniors"]
[Site "Shanghai CHN"]
[Date "2001.09.12"]
[Round "6"]
[White "Ni Hua"]
[Black "Shaposhnikov,E"]
[Result "1/2-1/2"]
[WhiteElo "2568"]
[BlackElo "2519"]

1.e4 c5 2.Nf3 e6 3.d4 cxd4 4.Nxd4 a6 5.Nc3 Qc7 6.Be2 Nc6 7.O-O Nf6 8.Kh1 Nxd4
9.Qxd4 Bc5 10.Qd3 b5 11.f4 Bb7 12.Bf3 O-O 13.e5 Ne8 14.Bxb7 Qxb7 15.a4 b4
16.Ne4 Be7 17.Be3 Qc6 18.c4 bxc3 19.bxc3 d5 20.Nd2 g6 21.Rfb1 Ng7 22.Rb6 Qc7
23.Rab1 Nf5 24.Bg1 h5 25.Nf3 Rfe8 26.Rxa6 Rxa6 27.Qxa6 Qxc3 28.a5 h4 29.Rb3 Qc4
30.Qb7 Kg7 31.a6 Rh8 32.Nd4 Nxd4 33.Qxe7 Nxb3 34.Qf6+ Kg8 35.Qd8+ Kg7 36.Qf6+ Kg8  1/2-1/2

[Event "WYB18"]
[Site "Oropesa del Mar ESP"]
[Date "2001.10.21"]
[Round "1"]
[White "Ni Hua"]
[Black "Gashimov,S"]
[Result "1-0"]
[WhiteElo "2538"]
[BlackElo "2238"]

1.e4 d5 2.Nc3 Nf6 3.e5 d4 4.Nce2 Ne4 5.d3 Nc5 6.f4 Nc6 7.Nf3 Qd5 8.c4 Qd8
9.h3 Bf5 10.Ng3 e6 11.Be2 Be7 12.O-O Bg6 13.a3 a5 14.b3 O-O 15.Qc2 f6 16.exf6 Rxf6
17.Bd2 a4 18.b4 Nb3 19.Rae1 Bd6 20.Ng5 Nxd2 21.Qxd2 Qd7 22.Bg4 Re8 23.c5 Bf8
24.Nxe6 Rexe6 25.Bxe6+ Rxe6 26.Rxe6 Qxe6 27.f5 Qe3+ 28.Qxe3 dxe3 29.fxg6 hxg6
30.Re1 b6 31.cxb6 cxb6 32.Rxe3 Nd4 33.Re8 Kf7 34.Ra8 b5 35.Ne4 Be7 36.Nc3 Bg5
37.Rb8 Be3+ 38.Kf1 Bc1 39.Nxb5 Nxb5 40.Rxb5 Bxa3 41.Ke2 Bb2 42.Ra5 a3 43.Kd2  1-0

[Event "WYB18"]
[Site "Oropesa del Mar ESP"]
[Date "2001.10.24"]
[Round "4"]
[White "Palekha,A"]
[Black "Ni Hua"]
[Result "0-1"]
[WhiteElo "2364"]
[BlackElo "2538"]

1.e4 c5 2.Nf3 Nc6 3.d4 cxd4 4.Nxd4 Nf6 5.Nc3 e5 6.Ndb5 d6 7.Bg5 a6 8.Na3 b5
9.Bxf6 gxf6 10.Nd5 f5 11.c3 Bg7 12.exf5 Bxf5 13.Nc2 O-O 14.Nce3 Bg6 15.h4 Be4
16.a4 Ne7 17.Nxe7+ Qxe7 18.Bd3 Bc6 19.Qg4 e4 20.Bc2 Kh8 21.Nf5 Qe5 22.Qxg7+ Qxg7
23.Nxg7 Kxg7 24.O-O-O d5 25.Rd4 Rfe8 26.Bb3 Re5 27.Rhd1 Rd8 28.axb5 axb5
29.Kd2 Kf6 30.Ke3 Ke6 31.Ra1 Kd6 32.Ra7 Rf5 33.Bd1 Kc5 34.Be2 Kb6 35.Ra3 Ra8
36.Rxa8 Bxa8 37.Rd1 b4 38.cxb4 Rf6 39.Rd2 Rd6 40.g3 Rd7 41.Kd4 Rc7 42.Ke5 Rc1
43.Bh5 Rf1 44.Kd4 Kc6 45.Bxf7 Kd6 46.Bh5 Rc1 47.Be2 Rc7 48.b5 Rf7 49.Bh5 Rb7
50.Be2 Rf7 51.Bh5 Rb7 52.Be8 Rb8 53.Bh5 Rxb5 54.Bd1 Rb4+ 55.Ke3 Ke5 56.f4+ exf3
57.Kxf3 d4+ 58.Kf2 Be4 59.Bg4 Rb8 60.Bh5 Rf8+ 61.Ke2 Rg8 62.Kf2 d3 63.Bd1 Kd4
64.Bh5 Rf8+ 65.Ke1 Ke3 66.b4 Rg8 67.g4 Bf3 68.Rf2 Bxg4 69.Rg2 Bxh5  0-1